LEADER 01750nam0 22003611i 450 001 UON00165162 005 20231205103027.141 010 $a40-10-67211-0 010 $a40-10-67212-9$bv.2 010 $a40-10-67213-7$bv.3 010 $a40-10-67214-5$bv.4 100 $a20021206d1988 |0itac50 ba 101 $ajpn 102 $aJP 105 $a||||p ||||| 200 1 $aKonjaku monogatari shu$fTakeishi Akio yakuchu 210 $aTokyoo$cObunsha$d1988 215 $a4 v.$d17 cm 316 $aAltri inv. 106760-762$5IT-UONSI GIAVIAA/529 (1) N 410 1$1001UON00165149$12001 $aTaiyaku Koten Shirizu 606 $aLETTERATURA GIAPPONESE$xPERIODO CLASSICO$xADATTAMENTO IN LINGUA MODERNA$3UONC004412$2FI 620 $aJP$dTo?kyo?$3UONL000031 686 $aGIA VI AA$cGIAPPONE - LETTERATURA CLASSICA - FINO EDO - TESTI$2A 702 0$aTAKEISHI Akio$3UONV038387 712 $aObunsha$3UONV246866$4650 801 $aIT$bSOL$c20240220$gRICA 912 $aUON00165162 950 $aSIBA - SISTEMA BIBLIOTECARIO DI ATENEO$dSI GIA VI AA 529 (1) N $eSI SA 106759 7 529 (1) N Altri inv. 106760-762 950 $aSIBA - SISTEMA BIBLIOTECARIO DI ATENEO$dSI GIA VI AA 529 (2) N $eSI SA 106760 7 529 (2) N 950 $aSIBA - SISTEMA BIBLIOTECARIO DI ATENEO$dSI GIA VI AA 529 (3) N $eSI SA 106761 7 529 (3) N 950 $aSIBA - SISTEMA BIBLIOTECARIO DI ATENEO$dSI GIA VI AA 529 (4) N $eSI SA 106762 7 529 (4) N 996 $aKonjaku monogatari shu$91178093 997 $aUNIOR